000 01209nam a2200217Ia 4500
003 Ost
005 20260507075636.0
008 260507s9999||||xx |||||||||||||| ||und||
040 _cfsecg
041 _aara
082 _a382
100 _aعبد العزيز، سمير محمد
_eمؤلف
245 0 _aالتجارة العالمية بين الجات 94 ومنظمة التجارة العالمية /
_c سمير محمد عبد العزيز
260 _aالإسكندرية:
_bمكتبة ومطبعة الإشعاع الفنية,
_c2001
300 _a493 صفحة؛
_bإيضاحات ؛
_c24 سم
520 _aنظرة عامة- الإتفاقية العامة للتجارة في السلع- الإتفاقية العامة بالتجارة في الخدمات- اتفاقية الجوانب المتصلة بالتجارة في حقوق الملكية الفكرية- التفاهم وتسوية المنازعات- وقائع وأحداث ما بعد توقيع الوثيقة الختامية وقيام منظمة التجارة العالمية
653 _aالإتفاقيات التجارية
653 _aالتجارة الخارجية
653 _aالسلع
942 _cكتاب
999 _c45296
_d45296